Statistics for Afriqiyah Airways Destinations-Benghazi

Click here to take the quiz!

General Stats

  • This quiz has been taken 4 times
  • The average score is 6 of 9

Answer Stats

Country Airport % Correct
EgyptAlexandria
100%
JordanAmman
100%
LibyaTripoli
100%
Saudi ArabiaJeddah
100%
TunisiaTunis
100%
TurkeyIstanbul
100%
LibyaSabha
33%
LibyaAlzintan
0%
LibyaKufrah
0%

Score Distribution

Percentile by Number Answered

Percent of People with Each Score

Your Score History

You have not taken this quiz